Electrotherapy: (Record no. 2226)

MARC details
000 -LEADER
fixed length control field 00590nam a22002177a 4500
003 - CONTROL NUMBER IDENTIFIER
control field OSt
005 - DATE AND TIME OF LATEST TRANSACTION
control field 20160901184631.0
008 - FIXED-LENGTH DATA ELEMENTS--GENERAL INFORMATION
fixed length control field 150907b xxu||||| |||| 00| 0 eng d
020 ## - INTERNATIONAL STANDARD BOOK NUMBER
International Standard Book Number 9780443101793
040 ## - CATALOGING SOURCE
Transcribing agency DNLM
082 ## - DEWEY DECIMAL CLASSIFICATION NUMBER
Classification number WB460 E25j 2005
100 ## - MAIN ENTRY--PERSONAL NAME
Personal name editor Watson, Tim
9 (RLIN) 5664
245 ## - TITLE STATEMENT
Title Electrotherapy:
Remainder of title evidence-based practice
250 ## - EDITION STATEMENT
Edition statement 12th ed.
260 ## - PUBLICATION, DISTRIBUTION, ETC. (IMPRINT)
Place of publication, distribution, etc. Edinburgh;
Name of publisher, distributor, etc. Churchill,
Date of publication, distribution, etc. 2008
300 ## - PHYSICAL DESCRIPTION
Extent xiii,401p;
Other physical details col.ill:
Dimensions 24cm
504 ## - BIBLIOGRAPHY, ETC. NOTE
Bibliography, etc References, & index included
650 ## - SUBJECT ADDED ENTRY--TOPICAL TERM
Topical term or geographic name as entry element Electrotherapy
9 (RLIN) 4636
650 ## - SUBJECT ADDED ENTRY--TOPICAL TERM
Topical term or geographic name as entry element Physiotherapy
9 (RLIN) 1959
942 ## - ADDED ENTRY ELEMENTS (KOHA)
Source of classification or shelving scheme Other/Generic Classification Scheme
Koha item type Open Shelf
Holdings
Withdrawn status Lost status Source of classification or shelving scheme Damaged status Not for loan Home library Current library Date acquired Source of acquisition Inventory number Total Checkouts Full call number Barcode Date last seen Date last checked out Koha item type Price effective from
    Other/Generic Classification Scheme     MUST Main Library MUST Main Library 07/09/2015   15/39101 1 WB460 E25j 2008 2015-2202 13/04/2017 13/04/2017 Open Shelf  
    Other/Generic Classification Scheme     MUST Main Library MUST Main Library 01/09/2016   16/39767 1 WB460 E25j 2005 2016-4010 28/05/2021 14/04/2021 Book Bank  
    Other/Generic Classification Scheme     MUST Main Library MUST Main Library 01/09/2016   16/39768 1 WB460 E25j 2005 2016-4011 31/03/2023 10/02/2023 Book Bank  
    Other/Generic Classification Scheme     MUST Main Library MUST Main Library 01/09/2016   16/39769   WB460 E25j 2005 2016-4012 01/09/2016   Book Bank  
    Other/Generic Classification Scheme     MUST Main Library MUST Main Library 01/09/2016   16/39770 2 WB460 E25j 2005 2016-4013 28/09/2021 26/02/2021 Book Bank  
    Other/Generic Classification Scheme     MUST Main Library MUST Main Library 01/09/2016   16/39771 1 WB460 E25j 2005 2016-4014 05/06/2021 26/04/2021 Book Bank  
    Other/Generic Classification Scheme     MUST Main Library MUST Main Library 14/03/2018   17/40617   WB460 E25j 2005 2018-0171 14/03/2018   Short Loan  
    Dewey Decimal Classification     MUST Main Library MUST Main Library 22/10/2021 Purchase 21/41502   WB495W38e 2012 2021-1506 22/10/2021   Open Shelf 22/10/2021
    Dewey Decimal Classification     MUST Main Library MUST Main Library 22/10/2021 Purchase 21/41501   WB495W38e 2012 2021-1507 22/10/2021   Open Shelf 22/10/2021